[Event "It \"]
[Site "Basel (Switzerland)"]
[Date "2007.01.05"]
[Round "5"]
[White "Rausis Igors (BAN)"]
[Black "Sulava Nenad (CRO)"]
[Result "1/2-1/2"]
[WhiteElo "2521"]
[BlackElo "2537"]
[PlyCount "109"]
[EventDate "2007.??.??"]
[Source "www.chesslib.no"]
[SourceDate "2004.05.04"]

1. d4 d5 2. c4 dxc4 3. Nf3 Nf6 4. e3 Bg4 5. Bxc4 e6 6. h3 Bh5 7. O-O Nbd7 8. Nc3 Bb4 9. Qb3 c5 10. Ne5 O-O 11. Ne2 Bxe2 12. Bxe2 Qc7 13. Nxd7 Nxd7 14. dxc5 Bxc5 15. Bd2 b6 16. Rfd1 Rad8 17. Bc3 a5 18. Rac1 Nf6 19. Bf3 Rxd1+ 20. Rxd1 Rd8 21. a3 Rxd1+ 22. Qxd1 Kf8 23. Kf1 Ke7 24. Qb3 Bd6 25. Qb5 Qc5 26. Qxc5 Bxc5 27. Ke2 g6 28. Kd3 Nd5 29. Be1 Kd6 30. Kc4 Nc7 31. Kb3 f5 32. g4 Kd7 33. Bc3 f4 34. exf4 Bxf2 35. Kc4 Ne8 36. Bd4 Nd6+ 37. Kd3 Bxd4 38. Kxd4 Ke7 39. Be2 Kf6 40. Bd3 h6 41. h4 g5 42. fxg5+ hxg5 43. hxg5+ Kxg5 44. Ke5 Nb7 45. Be2 Nc5 46. Kd6 Na4 47. Kc6 e5 48. Bb5 Nxb2 49. Kxb6 Kxg4 50. Kxa5 e4 51. Kb4 Kf4 52. Kc3 Nd3 53. Kd4 Nc1 54. a4 e3 55. Kc3 1/2-1/2

[Event "Kostic mem"]
[Site "?"]
[Date "1979.??.??"]
[Round "12"]
[White "Sahovic Dragutin"]
[Black "Lein Anatoly"]
[Result "1/2-1/2"]
[WhiteElo "2520"]
[BlackElo "2535"]
[PlyCount "84"]
[EventDate "1979.??.??"]
[Source "www.chesslib.no"]
[SourceDate "2004.05.04"]

1. d4 d5 2. c4 dxc4 3. Nf3 Nf6 4. e3 Bg4 5. Bxc4 e6 6. Nc3 Nbd7 7. h3 Bh5 8. O-O Bd6 9. e4 e5 10. Be2 O-O 11. dxe5 Nxe5 12. Nd4 Bg6 13. Bg5 Be7 14. Nf5 Bxf5 15. exf5 c6 16. Qb3 Qb6 17. Qxb6 axb6 18. Rfe1 Bb4 19. Bf1 Ned7 20. Red1 Rfe8 21. Be3 b5 22. g4 Ne5 23. Bf4 h6 24. Bxe5 Rxe5 25. Rd3 Kf8 26. a3 Bc5 27. Rad1 b4 28. axb4 Bxb4 29. Rd8+ Re8 30. Rxe8+ Kxe8 31. Bg2 Bxc3 32. bxc3 Nd7 33. Re1+ Kd8 34. Rd1 Ra3 35. c4 Rc3 36. Bf1 f6 37. Kg2 Rc2 38. Kg3 Ke7 39. Re1+ Kf7 40. Rd1 Nc5 41. f3 Ke7 42. Re1+ Kf7 1/2-1/2

[Event "It (Open) Basel SUI"]
[Site "?"]
[Date "2006.01.06"]
[Round "6"]
[White "Malakhatko Vadim"]
[Black "Sulava Nenad"]
[Result "1/2-1/2"]
[WhiteElo "2556"]
[BlackElo "2497"]
[PlyCount "25"]
[EventDate "2006.??.??"]
[Source "www.chesslib.no"]
[SourceDate "2004.05.04"]

1. d4 d5 2. Nf3 Nf6 3. c4 dxc4 4. e3 Bg4 5. Bxc4 e6 6. Nc3 Nbd7 7. O-O Bb4 8. Be2 c5 9. h3 Bh5 10. d5 Bxc3 11. dxe6 fxe6 12. bxc3 Qe7 13. c4 1/2-1/2

[Event "Sarajevo"]
[Site "Sarajevo BIH"]
[Date "1971.??.??"]
[Round "15"]
[White "Damjanovic, Mato"]
[Black "Matulovic, Milan"]
[Result "1/2-1/2"]
[WhiteElo "2500"]
[BlackElo "2550"]
[PlyCount "31"]
[EventDate "1971.??.??"]
[Source "www.chesslib.no"]
[SourceDate "2004.05.04"]

1. d4 d5 2. c4 dxc4 3. Nf3 Nf6 4. e3 Bg4 5. Bxc4 e6 6. h3 Bh5 7. Nc3 Nbd7 8. O-O Bd6 9. Be2 O-O 10. b3 Qe7 11. Bb2 Ba3 12. Bxa3 Qxa3 13. Nd2 Bxe2 14. Qxe2 Qe7 15. Nde4 Nxe4 16. Nxe4 1/2-1/2

[Event "Balassagyarmat"]
[Site "Balassagyarmat"]
[Date "1990.??.??"]
[Round "7"]
[White "Moskalenko, Viktor"]
[Black "Fominyh, Alexander"]
[Result "0-1"]
[WhiteElo "2525"]
[BlackElo "2525"]
[PlyCount "74"]
[EventDate "1990.09.??"]
[Source "www.chesslib.no"]
[SourceDate "2004.05.04"]

1. d4 d5 2. c4 dxc4 3. Nf3 Nf6 4. e3 Bg4 5. Bxc4 e6 6. Qb3 Bxf3 7. gxf3 Nbd7 8. Nc3 Nb6 9. Be2 Be7 10. Bd2 a5 11. a3 O-O 12. Ne4 Qd5 13. Qc2 Rfc8 14. Rg1 Nfd7 15. Bc3 g6 16. f4 c6 17. Bf3 Qb5 18. a4 Qa6 19. f5 exf5 20. Ng3 Nd5 21. Nxf5 Bf8 22. h4 Nxc3 23. bxc3 c5 24. Rb1 Rab8 25. h5 cxd4 26. hxg6 hxg6 27. Bd5 d3 28. Qa2 Ne5 29. f4 Nc4 30. Rb5 Qf6 31. Kf2 Qxf5 32. Bxc4 Bc5 33. Kf3 Kg7 34. Rg5 Qh3+ 35. Rg3 Qh1+ 36. Kf2 Qh2+ 37. Rg2 Qxf4+ 0-1

[Event "Kostic mem"]
[Site "?"]
[Date "1979.??.??"]
[Round "6"]
[White "Lein Anatoly"]
[Black "Matulovic Milan"]
[Result "1-0"]
[WhiteElo "2535"]
[BlackElo "2510"]
[PlyCount "129"]
[EventDate "1979.??.??"]
[Source "www.chesslib.no"]
[SourceDate "2004.05.04"]

1. d4 d5 2. c4 dxc4 3. Nf3 Nf6 4. e3 Bg4 5. Bxc4 e6 6. Nc3 Nbd7 7. Be2 Bd6 8. e4 Bb4 9. Bg5 h6 10. Bxf6 Bxc3+ 11. bxc3 Nxf6 12. Qd3 O-O 13. O-O c5 14. Qe3 Qc7 15. h3 Bh5 16. g4 Bg6 17. Bd3 Rfd8 18. Rac1 Nd7 19. Nh4 e5 20. d5 c4 21. Bb1 Bh7 22. Rcd1 Qc5 23. Qg3 Qd6 24. Kh2 g5 25. Ng2 Nc5 26. f3 Na4 27. Rc1 b5 28. h4 Qf6 29. Qe1 Kg7 30. Bc2 Nb6 31. Kg3 Bg6 32. Rh1 Qd6 33. Qd2 f6 34. a4 bxa4 35. Ne3 Qc5 36. Ra1 a3 37. Ra2 Nc8 38. h5 Be8 39. Rha1 Nd6 40. Rxa3 a5 41. Qf2 Rdb8 42. Kg2 Kf8 43. Ba4 Bxa4 44. Rxa4 Rb5 45. Nf5 Nxf5 46. Qxc5+ Rxc5 47. gxf5 Rb8 48. Rxa5 Rb2+ 49. Kg3 Rxa5 50. Rxa5 Rb3 51. Ra8+ Ke7 52. Ra7+ Ke8 53. Rh7 Rxc3 54. Rxh6 Kf7 55. Rh7+ Kf8 56. Rc7 Rc1 57. h6 c3 58. h7 Rh1 59. Rxc3 Rxh7 60. Rc8+ Kg7 61. Rc7+ Kg8 62. Rxh7 Kxh7 63. Kg4 Kg7 64. Kh5 Kf7 65. Kh6 1-0

[Event "Czerniak mem 15th"]
[Site "Tel Aviv"]
[Date "1999.04.08"]
[Round "9"]
[White "Kantsler, Boris"]
[Black "Zifroni, Dov"]
[Result "0-1"]
[WhiteElo "2539"]
[BlackElo "2501"]
[PlyCount "130"]
[EventDate "1999.03.??"]
[Source "ChessBase"]
[SourceDate "1999.08.01"]

1. d4 d5 2. c4 dxc4 3. Nf3 Nf6 4. e3 Bg4 5. Bxc4 e6 6. h3 Bh5 7. O-O Nbd7 8. Be2 Bd6 9. Nbd2 O-O 10. b3 Re8 11. Bb2 e5 12. Nc4 e4 13. Nfe5 Bxe2 14. Qxe2 Nb6 15. Na5 Rb8 16. Rac1 Nfd5 17. a3 Qg5 18. Nac4 Re6 19. Qg4 Qxg4 20. Nxg4 Bf8 21. Rc2 f6 22. Rfc1 Nd7 23. Nh2 h5 24. Nf1 Kf7 25. f3 exf3 26. gxf3 f5 27. Ne5+ Ke8 28. e4 fxe4 29. fxe4 Nxe5 30. exd5 Rg6+ 31. Kh1 Nd3 32. Rd1 Nxb2 33. Rxb2 Bxa3 34. Ra2 Bd6 35. Rxa7 Kd7 36. Ra2 Rf8 37. Rg2 Rxg2 38. Kxg2 Rf5 39. Ne3 Rg5+ 40. Kf2 Bf4 41. Ng2 Bg3+ 42. Kf3 Bd6 43. Ne3 Rg3+ 44. Ke4 g5 45. Rh1 h4 46. b4 Bxb4 47. Nf5 Rb3 48. Rg1 Bd2 49. Ra1 Rxh3 50. Ra8 Bf4 51. Rh8 b5 52. Rh7+ Kc8 53. Rg7 b4 54. d6 Bxd6 55. Nxd6+ cxd6 56. Kd5 b3 57. Rg8+ Kc7 58. Rg7+ Kb6 59. Rg8 Ka7 60. Rg7+ Ka6 61. Rg8 b2 62. Rb8 Rh2 63. Kxd6 Rc2 64. d5 h3 65. Ke6 h2 0-1

[Event "Sao Paulo"]
[Site "Sao Paulo"]
[Date "1978.??.??"]
[Round "10"]
[White "Ivkov, Borislav"]
[Black "Najdorf, Miguel"]
[Result "1/2-1/2"]
[WhiteElo "2515"]
[BlackElo "2525"]
[PlyCount "24"]
[EventDate "1978.05.??"]
[Source "ChessBase"]

1. d4 d5 2. c4 dxc4 3. Nf3 Nf6 4. e3 Bg4 5. Bxc4 e6 6. h3 Bh5 7. Nc3 Nbd7 8. Be2 Bd6 9. O-O O-O 10. b3 c5 11. Bb2 a6 12. Rc1 Rc8 1/2-1/2

[Event "SWE-chT Elitserien 1999/2000"]
[Site "Malmoe [1-4"]
[Date "1999.11.13"]
[Round "4"]
[White "Gausel, Einar"]
[Black "Brynell, Stellan"]
[Result "0-1"]
[WhiteElo "2496"]
[BlackElo "2539"]
[PlyCount "72"]
[EventDate "1999.10.15"]
[Source "www.chesslib.no"]
[SourceDate "2004.05.04"]

1. d4 d5 2. Nf3 Nf6 3. c4 dxc4 4. e3 Bg4 5. Bxc4 e6 6. Nc3 Nc6 7. h3 Bh5 8. Bb5 Bd6 9. Qa4 Bxf3 10. gxf3 O-O 11. Bxc6 bxc6 12. Qxc6 Rb8 13. f4 Nd5 14. Nxd5 exd5 15. Kf1 Be7 16. b3 Rb6 17. Qc2 Qd7 18. Bb2 Rh6 19. f3 Rxh3 20. Kg2 Rxh1 21. Rxh1 h6 22. f5 Re8 23. e4 dxe4 24. fxe4 Bg5 25. Kf3 g6 26. e5 gxf5 27. Qc4 c6 28. Ba3 c5 29. Bxc5 Qb7+ 30. d5 Rxe5 31. Rd1 f4 32. Bd6 Re3+ 33. Kf2 Bh4+ 34. Kf1 Qd7 35. Bxf4 Qh3+ 36. Kg1 Qg4+ 0-1

[Event "Vrsac"]
[Site "Vrsac"]
[Date "1981.??.??"]
[Round "3"]
[White "Smejkal, Jan"]
[Black "Matulovic, Milan"]
[Result "1/2-1/2"]
[WhiteElo "2540"]
[BlackElo "2495"]
[PlyCount "166"]
[EventDate "1981.09.??"]
[Source "ChessBase"]

1. d4 d5 2. c4 dxc4 3. Nf3 Nf6 4. e3 Bg4 5. Bxc4 e6 6. h3 Bh5 7. Nc3 Nbd7 8. O-O Be7 9. e4 Nb6 10. Be2 Bg6 11. Bd3 O-O 12. Be3 Rc8 13. Qe2 c5 14. Rfd1 cxd4 15. Bxd4 Bc5 16. Bxc5 Rxc5 17. e5 Nfd5 18. Bxg6 fxg6 19. Ne4 Nf4 20. Rxd8 Nxe2+ 21. Kf1 Rc1+ 22. Rxc1 Nxc1 23. Rd1 Nxa2 24. Ra1 Nb4 25. Rxa7 Rb8 26. Nc5 Nc6 27. Rxb7 Rxb7 28. Nxb7 Nd7 29. Ng5 Ndxe5 30. Nc5 Kf8 31. Nxh7+ Ke7 32. Ng5 Nc4 33. b3 N4a5 34. Nge4 Nd4 35. b4 Nac6 36. Nd3 e5 37. f3 Ke6 38. Nc3 Na7 39. Kf2 Nab5 40. Nxb5 Nxb5 41. Kg3 Kf5 42. Nc5 Nd4 43. Kf2 Kf6 44. Ne4+ Ke6 45. Nc3 Kd6 46. Ne4+ Kc6 47. Nc5 Kd5 48. Nd3 Nf5 49. Ke2 Nd6 50. Kd2 Kd4 51. Nc5 Kc4 52. Ke3 Kd5 53. Kd3 Nf5 54. Ne4 Nh4 55. Nc3+ Kd6 56. Ke4 Nxg2 57. Nd5 Nh4 58. Ne3 Ke6 59. Nc4 Nf5 60. b5 Ng3+ 61. Ke3 Kd5 62. b6 Kc6 63. Nxe5+ Kxb6 64. Nxg6 Kc7 65. Kf4 Ne2+ 66. Kg4 Kd7 67. Nf4 Nd4 68. Nh5 Ne6 69. Kf5 Ke7 70. Kg6 Kf8 71. h4 Kg8 72. Ng3 Nf8+ 73. Kf5 Kf7 74. Ne4 g6+ 75. Ke5 Nd7+ 76. Kd6 Nb6 77. Ke5 Nd7+ 78. Kf4 Kg7 79. Nf2 Kh6 80. Kg3 g5 81. Ng4+ Kh5 82. Nf6+ Nxf6 83. hxg5 Kxg5 1/2-1/2

[Event "URS-CupT"]
[Site "Ordzhonikidze"]
[Date "1978.??.??"]
[Round "?"]
[White "Rashkovsky, Nukhim N"]
[Black "Beliavsky, Alexander G"]
[Result "1/2-1/2"]
[WhiteElo "2505"]
[BlackElo "2530"]
[PlyCount "84"]
[EventDate "1978.05.??"]
[Source "www.chesslib.no"]
[SourceDate "2004.05.04"]

1. Nf3 d5 2. d4 Nf6 3. c4 dxc4 4. e3 Bg4 5. Bxc4 e6 6. Nc3 Nbd7 7. O-O Bd6 8. h3 Bh5 9. Be2 Bg6 10. b3 e5 11. dxe5 Nxe5 12. Nb5 Nd3 13. Bxd3 Bxd3 14. Qxd3 Bh2+ 15. Nxh2 Qxd3 16. Nxc7+ Kd7 17. Nxa8 Rxa8 18. Bb2 Ke7 19. Rfd1 Qe2 20. Bxf6+ Kxf6 21. Nf3 Rc8 22. Rd2 Qb5 23. Rad1 Rc5 24. Rd7 g6 25. e4 Kg7 26. Re7 Qb6 27. Ne5 Rc7 28. Nc4 Qc6 29. Rxc7 Qxc7 30. a4 b6 31. e5 a6 32. Re1 b5 33. axb5 axb5 34. Nd6 Kf8 35. g4 f6 36. Re3 Qc5 37. Kh2 fxe5 38. Ne4 Qd4 39. Kg2 h6 40. Ng3 Ke7 41. Nf1 Qd5+ 42. Kg1 Kd6 1/2-1/2

[Event "Ankara zt"]
[Site "Ankara"]
[Date "1995.??.??"]
[Round "1"]
[White "Giorgadze, Giorgi"]
[Black "Matulovic, Milan"]
[Result "1-0"]
[WhiteElo "2590"]
[BlackElo "2445"]
[PlyCount "75"]
[EventDate "1995.??.??"]
[Source "ChessBase"]

1. d4 d5 2. c4 dxc4 3. Nf3 Nf6 4. e3 Bg4 5. Nbd2 e6 6. Qa4+ c6 7. Qxc4 Nbd7 8. Bd3 Bd6 9. O-O O-O 10. Qc2 e5 11. Nc4 Qe7 12. dxe5 Bxe5 13. Nfxe5 Nxe5 14. Nxe5 Qxe5 15. Bd2 Rad8 16. Bc3 Qd5 17. Bxf6 Qxd3 18. Qa4 gxf6 19. Qxg4+ Kh8 20. Qa4 a6 21. Rad1 Qb5 22. Qa3 c5 23. Qc3 Qb6 24. h4 Rd6 25. Rxd6 Qxd6 26. Qb3 Qc6 27. Rd1 c4 28. Qc3 Rg8 29. g3 Re8 30. Rd4 b5 31. Qd2 Re6 32. h5 Kg7 33. Qb4 Re8 34. Rd6 a5 35. Qd2 Qf3 36. Qd4 Re5 37. h6+ Kg6 38. Qxe5 1-0

[Event "RUS-ch KO"]
[Site "Moscow"]
[Date "1999.12.17"]
[Round "2.1"]
[White "Korotylev, Alexey"]
[Black "Fominyh, Alexander"]
[Result "0-1"]
[WhiteElo "2480"]
[BlackElo "2552"]
[PlyCount "80"]
[EventDate "1999.12.04"]
[Source "ChessBase"]
[SourceDate "2000.04.05"]

1. d4 d5 2. c4 dxc4 3. Nf3 Nf6 4. e3 Bg4 5. Bxc4 e6 6. Qb3 Bxf3 7. gxf3 Nbd7 8. Qxb7 c5 9. f4 cxd4 10. exd4 Bd6 11. O-O O-O 12. Qf3 Nb6 13. Bb3 a5 14. Nc3 a4 15. Bd1 g6 16. Be3 Qb8 17. Nb5 Nbd5 18. Nxd6 Qxd6 19. Rc1 Nh5 20. Rc4 a3 21. bxa3 Rxa3 22. Bb3 Nhxf4 23. Rc5 Rd8 24. Kh1 Ra7 25. Rg1 Nxe3 26. fxe3 Nd5 27. Rc2 Qe7 28. Rf2 Rc7 29. Qe4 Rc3 30. Rg3 Qd6 31. Qf3 Rf8 32. Bxd5 exd5 33. Rg5 f5 34. Kg2 Kg7 35. h4 h6 36. Rg3 f4 37. Rg4 Rxe3 38. Qd1 f3+ 39. Kh3 Qe6 40. Kg3 Re1 0-1

[Event "Malaga (Spain)"]
[Site "?"]
[Date "2004.02.27"]
[Round "8"]
[White "Cifuentes Parada Roberto"]
[Black "Del Rio Angelis Salvador Gabr"]
[Result "1-0"]
[WhiteElo "2540"]
[BlackElo "2491"]
[PlyCount "58"]
[EventDate "2004.??.??"]
[Source "www.chesslib.no"]
[SourceDate "2004.05.04"]

1. d4 d5 2. c4 dxc4 3. Nf3 Nf6 4. e3 Bg4 5. Bxc4 e6 6. h3 Bh5 7. Nc3 Nbd7 8. g4 Bg6 9. Nh4 Be4 10. Nxe4 Nxe4 11. Nf3 h5 12. Ke2 Qg5 13. Kf1 O-O-O 14. a3 Be7 15. Bd2 Qb5 16. Kg1 Qxb2 17. Rb1 Qa2 18. a4 Bd6 19. Be1 Bh2+ 20. Kg2 Qb2 21. Qc2 Qb3 22. a5 Nb6 23. Bd3 hxg4 24. hxg4 Qd5 25. g5 Qxa5 26. g6 f6 27. Bd2 f5 28. Ng5 e5 29. Ne6 Na4 1-0

[Event "ISR-chT"]
[Site "Israel"]
[Date "1997.??.??"]
[Round "6"]
[White "Mikhalevski, Victor"]
[Black "Zifroni, Dov"]
[Result "1/2-1/2"]
[WhiteElo "2535"]
[BlackElo "2490"]
[PlyCount "25"]
[EventDate "1997.??.??"]
[Source "ChessBase"]
[SourceDate "1997.07.29"]

1. d4 d5 2. c4 dxc4 3. Nf3 Nf6 4. e3 Bg4 5. Bxc4 e6 6. Nc3 Nbd7 7. h3 Bh5 8. O-O Bb4 9. Qb3 c5 10. Ne5 O-O 11. Nxd7 Nxd7 12. dxc5 Qa5 13. Ne4 1/2-1/2

[Event "Penta Media GM"]
[Site "Kelamabakkam"]
[Date "2000.08.14"]
[Round "1"]
[White "Prakash, G B."]
[Black "Fominyh, Alexander"]
[Result "1/2-1/2"]
[WhiteElo "2429"]
[BlackElo "2594"]
[PlyCount "93"]
[EventDate "2000.08.14"]
[Source "ChessBase"]
[SourceDate "2000.11.21"]

1. d4 d5 2. c4 dxc4 3. Nf3 Nf6 4. e3 Bg4 5. Bxc4 e6 6. O-O Nbd7 7. Nc3 c6 8. h3 Bh5 9. e4 Be7 10. Be3 O-O 11. a3 Qc7 12. Be2 Rac8 13. Rc1 Qb8 14. Qd2 Bxf3 15. Bxf3 Rfd8 16. Qe2 e5 17. Rfd1 exd4 18. Bxd4 Bc5 19. Qe3 Bb6 20. Bxb6 axb6 21. Bg4 Nxg4 22. hxg4 Ne5 23. Qe2 b5 24. g3 f6 25. Kg2 Rc7 26. f3 Re8 27. Rd4 Rce7 28. Rcd1 Qc8 29. a4 bxa4 30. Nxa4 Qc7 31. Nc5 h6 32. Nd3 Rd7 33. Nxe5 Rxd4 34. Rxd4 fxe5 35. Rd2 Qf7 36. Qd3 Rf8 37. Qc3 Kh7 38. Rd3 Re8 39. Qc5 Re6 40. Qb4 Qc7 41. Qc5 Rf6 42. Qb4 b6 43. Qd2 Qe7 44. g5 Rg6 45. gxh6 Rxh6 46. Rd8 Rf6 47. Qd7 1/2-1/2

[Event "It (open)"]
[Site "?"]
[Date "2005.07.09"]
[Round "6"]
[White "Del Rio Angelis Salvador Gabr"]
[Black "Mirzoev Azer"]
[Result "1/2-1/2"]
[WhiteElo "2470"]
[BlackElo "2550"]
[PlyCount "59"]
[EventDate "2005.??.??"]
[Source "www.chesslib.no"]
[SourceDate "2004.05.04"]

1. d4 d5 2. c4 dxc4 3. Nf3 Nf6 4. e3 Bg4 5. Bxc4 e6 6. O-O Nbd7 7. Nc3 c6 8. h3 Bh5 9. a3 Be7 10. e4 Bxf3 11. Qxf3 Nb6 12. Qd3 Nxc4 13. Qxc4 O-O 14. Bf4 Qb6 15. Be3 a5 16. Rfd1 Qa6 17. Qxa6 Rxa6 18. d5 cxd5 19. exd5 h6 20. Kf1 Rb8 21. dxe6 Rxe6 22. Nb5 Rc8 23. Rac1 Rxc1 24. Rxc1 Nd5 25. Bd4 Bf6 26. Bxf6 Rxf6 27. g3 b6 28. Rc8+ Kh7 29. Rd8 Ne7 30. Nc3 1/2-1/2

[Event "Bad Wiessee"]
[Site "?"]
[Date "2003.??.??"]
[Round "?"]
[White "Atalik, S."]
[Black "Meins, G."]
[Result "1-0"]
[WhiteElo "2570"]
[BlackElo "2450"]
[PlyCount "51"]
[EventDate "2003.??.??"]
[Source "Chess Informant"]
[SourceDate "2004.06.01"]

1. d4 d5 2. Nf3 Nf6 3. c4 dxc4 4. e3 Bg4 5. Bxc4 e6 6. h3 Bh5 7. Nc3 Nbd7 8. O-O Bd6 9. e4 e5 10. g4 Bg6 11. dxe5 Nxe5 12. Nxe5 Bxe5 13. f4 Qd4+ 14. Qxd4 Bxd4+ 15. Kh2 Bxc3 16. bxc3 Bxe4 17. g5 Bd5 18. Re1+ Kf8 19. Bb5 a6 20. Ba4 b5 21. Ba3+ Kg8 22. gxf6 bxa4 23. Re5 c6 24. Rg1 g6 25. Re7 Rd8 26. f5 1-0

[Event "Open"]
[Site "Mosca RUS"]
[Date "2007.02.03"]
[Round "8"]
[White "Grachev, B."]
[Black "Tarlev, K."]
[Result "1-0"]
[WhiteElo "2563"]
[BlackElo "2454"]
[PlyCount "55"]
[EventDate "2007.01.27"]
[Source "www.chesslib.no"]
[SourceDate "2004.05.04"]

1. d4 Nf6 2. Nf3 d5 3. c4 dxc4 4. e3 Bg4 5. h3 Bh5 6. g4 Bg6 7. Ne5 Nbd7 8. Nxg6 hxg6 9. Bxc4 e6 10. Nc3 c6 11. Qf3 Bb4 12. Bd2 Qe7 13. a3 Bd6 14. Ba2 O-O-O 15. O-O-O Kb8 16. Kb1 Ka8 17. e4 e5 18. Be3 exd4 19. Bxd4 Ne5 20. Qe3 c5 21. Bxe5 Bxe5 22. Nd5 Nxd5 23. Bxd5 f5 24. exf5 gxf5 25. Rhe1 Rhe8 26. Qb3 Qc7 27. Rxe5 c4 28. Rxe8 1-0

[Event "Chalapathi GM"]
[Site "Guntur, AP"]
[Date "2000.04.09"]
[Round "7"]
[White "Rahman, Ziaur"]
[Black "Fominyh, Alexander"]
[Result "0-1"]
[WhiteElo "2465"]
[BlackElo "2551"]
[PlyCount "122"]
[EventDate "2000.04.03"]
[Source "ChessBase"]
[SourceDate "2000.07.27"]

1. d4 d5 2. Nf3 Nf6 3. c4 dxc4 4. e3 Bg4 5. Bxc4 e6 6. h3 Bh5 7. Nc3 Nbd7 8. O-O c6 9. e4 Be7 10. Be3 O-O 11. a3 Qb8 12. Be2 Bg6 13. Bd3 Rd8 14. e5 Ne8 15. Bxg6 hxg6 16. Qc2 Nc7 17. Ne4 Re8 18. Bg5 Bf8 19. Bd2 Nd5 20. Neg5 Be7 21. h4 Nf8 22. g3 Qc7 23. Kg2 c5 24. Rh1 cxd4 25. Qe4 Qd7 26. h5 Bxg5 27. Bxg5 Qc6 28. Qxd4 gxh5 29. Rxh5 Ng6 30. Rc1 Qb5 31. Qe4 Nde7 32. Bxe7 Rxe7 33. b4 Ree8 34. Nh4 Rec8 35. Nxg6 fxg6 36. Rhh1 Rxc1 37. Rxc1 Rf8 38. Rc5 Qe8 39. Rc2 b6 40. f3 g5 41. Qc6 Qe7 42. Rd2 Qf7 43. Rd6 g4 44. f4 Qh5 45. Kg1 Qf5 46. Qd7 Qb1+ 47. Rd1 Qa2 48. Qd3 Kh8 49. Rd2 Qa1+ 50. Kg2 Rc8 51. Kh2 Qc1 52. Qe2 b5 53. f5 exf5 54. e6 Re8 55. e7 Kh7 56. Rd5 Qh6+ 57. Kg1 Qb6+ 58. Kh2 Rxe7 59. Qxe7 Qf2+ 60. Kh1 Qf1+ 61. Kh2 Qh3+ 0-1

[Event "White Knights"]
[Site "Leningrad"]
[Date "1984.??.??"]
[Round "?"]
[White "Taimanov, Mark E"]
[Black "Rivas Pastor, Manuel"]
[Result "1/2-1/2"]
[WhiteElo "2515"]
[BlackElo "2500"]
[PlyCount "33"]
[EventDate "1984.06.??"]
[Source "ChessBase"]

1. d4 d5 2. c4 dxc4 3. Nf3 Nf6 4. e3 Bg4 5. h3 Bh5 6. g4 Bg6 7. Ne5 Nbd7 8. Nxg6 hxg6 9. Bg2 c6 10. Nd2 e5 11. Nxc4 exd4 12. Qxd4 Nc5 13. Qxd8+ Rxd8 14. Ke2 Nfe4 15. Nd2 f5 16. Nxe4 Nxe4 17. Rg1 1/2-1/2

[Event "Novi Sad"]
[Site "Novi Sad YUG"]
[Date "1975.??.??"]
[Round "?"]
[White "Romanishin, Oleg M"]
[Black "Matulovic, Milan"]
[Result "1/2-1/2"]
[WhiteElo "2485"]
[BlackElo "2530"]
[PlyCount "81"]
[EventDate "1975.10.??"]
[Source "www.chesslib.no"]
[SourceDate "2004.05.04"]

1. d4 d5 2. c4 dxc4 3. Nf3 Nf6 4. e3 Bg4 5. Bxc4 e6 6. h3 Bh5 7. Nc3 Nbd7 8. O-O Bd6 9. Be2 O-O 10. b3 a6 11. Bb2 Qe7 12. Nd2 Bxe2 13. Qxe2 Ba3 14. Bxa3 Qxa3 15. Rac1 Qe7 16. e4 e5 17. d5 Rfc8 18. Nd1 a5 19. Ne3 a4 20. Rc2 axb3 21. axb3 g6 22. Rfc1 Ne8 23. Qb5 b6 24. b4 Nd6 25. Qd3 Nf6 26. Nec4 Nxc4 27. Rxc4 Ne8 28. Qc3 Ra7 29. Rc6 Nd6 30. Qd3 Rca8 31. Nc4 Ra1 32. Nxd6 Rxc1+ 33. Rxc1 Qxd6 34. Qb5 Qe7 35. Qc6 Ra7 36. b5 Kg7 37. g3 h5 38. h4 Qb4 39. Qc4 Qxc4 40. Rxc4 Kf8 41. Rc6 1/2-1/2

[Event "CRO-chT"]
[Site "Pula"]
[Date "1999.09.10"]
[Round "2"]
[White "Pinter, Jozsef"]
[Black "Golubovic, Boris"]
[Result "1-0"]
[WhiteElo "2556"]
[BlackElo "2457"]
[PlyCount "65"]
[EventDate "1999.09.05"]
[Source "www.chesslib.no"]
[SourceDate "2004.05.04"]

1. d4 d5 2. c4 dxc4 3. Nf3 Nf6 4. e3 Bg4 5. Bxc4 e6 6. h3 Bh5 7. Nc3 Nbd7 8. Be2 Bb4 9. Qb3 c5 10. O-O O-O 11. Rd1 cxd4 12. exd4 Qa5 13. Bd2 Rfc8 14. Rac1 Nb6 15. g4 Bg6 16. Ne5 Bxc3 17. bxc3 Qd5 18. Qb2 Ne4 19. c4 Qd8 20. Be3 Qh4 21. Bf1 Ng5 22. Bxg5 Qxg5 23. Bg2 Rc7 24. Qa3 Nc8 25. Qg3 Qe7 26. Re1 Qd8 27. h4 h6 28. Nxg6 fxg6 29. Rxe6 Ne7 30. d5 Rd7 31. Rce1 Rc8 32. Qe3 Kf8 33. d6 1-0

[Event "Warsaw POL, 5. Amplico AIG"]
[Site "?"]
[Date "2005.12.18"]
[Round "2"]
[White "Grabarczyk Miroslaw"]
[Black "Deviatkin Andrei"]
[Result "1-0"]
[WhiteElo "2484"]
[BlackElo "2528"]
[PlyCount "108"]
[EventDate "2005.??.??"]
[Source "www.chesslib.no"]
[SourceDate "2004.05.04"]

1. d4 d5 2. c4 dxc4 3. Nf3 Nf6 4. e3 Bg4 5. Bxc4 e6 6. Qb3 Bxf3 7. gxf3 Nbd7 8. Qxb7 c5 9. dxc5 Bxc5 10. f4 O-O 11. Nc3 Rb8 12. Qf3 Qc7 13. Bb3 Rfd8 14. O-O Nf8 15. e4 Ng6 16. Be3 Bxe3 17. fxe3 Rd2 18. Rf2 Rxf2 19. Qxf2 Qb6 20. h3 Qb4 21. Qf3 Nd7 22. Rb1 Nc5 23. Bc2 Rc8 24. Qe2 Qb6 25. Kh2 a6 26. e5 Ne7 27. Rd1 g6 28. Bb1 Kg7 29. Rd6 Qb7 30. a3 a5 31. Qg2 Qb8 32. h4 h5 33. e4 Rc6 34. Qd2 Rb6 35. Rxb6 Qxb6 36. Qf2 Qc6 37. Qd4 Nb3 38. Qd6 Qb7 39. f5 exf5 40. exf5 gxf5 41. Qf6+ Kg8 42. Bxf5 Nd4 43. Qg5+ Ng6 44. Qd8+ Nf8 45. Qxd4 Qxb2+ 46. Kg3 Qxa3 47. Kg2 Qb2+ 48. Kf3 a4 49. Ne2 Qb3+ 50. Qe3 Qb7+ 51. Kf2 Qe7 52. Kg3 a3 53. Bb1 f6 54. Nf4 Qxe5 1-0